Atlantic Ocean Geography A-Z - Statistics

General Stats
  • This quiz has been taken 32 times
    16 since last reset
  • The average score is 17 of 26
Answer Stats
Letter Hint Answer % Correct
Q Was Unable To Find Anything That Would Fit N/A
100%
X Was Unable To Find Anything That Would Fit N/A
100%
D Eastern part of the island Hispanola Dominican Republic
87%
E A line that separates the North Atlantic from the South Atlantic Equator
87%
F Group of islands that has been disputed betweenthe UK and Argentina Falkland Islands
87%
G The strait that allows the Atlantic Ocean flow into theMediterranean Sea Gibraltar
87%
J Island country in the Atlantic Ocean Jamaica
87%
N Continent that touches the Atlantic Ocean North America
87%
R Biggest country that touches the Atlantic Ocean Russia
87%
V Country that touches the Atlantic Ocean Venezuela
87%
A US State that borders the Atlantic Ocean Alabama
80%
C Sea in North America that has a movie about it:Pirates of the _________ Caribbean
80%
H The Atlantic Ocean is known for this type of naturaldisaster, commonly hits in the Gulf of Mexico/America Hurricane
80%
K Capital of Jamaica Kingston
80%
U South American Country that touches the Atlantic Uruguay
80%
Y Mexican peninsula where an asteroid hit 66 million year ago Yucatán
80%
B Country where Christopher Columbus first landed Bahamas
73%
I Island in the Atlantic Ocean that is known for its geothermalactivity Iceland
73%
T Islands controlled by Argentina and Chile. Name means Land of Fire Tierra del Fuego
67%
W The Atlantic was also known to English cartographers as the Great {Western} Ocean
40%
S A sea in the North Atlantic with no beaches or coast Sargasso
40%
M A sub-marine mountain range {Mid-Atlantic} {Ridge}
20%
O According to Greek Mythology, the Atlantic Ocean was called Oceanus
13%
L An abyss off the coast of Canada {Laurentian} Abyss
7%
Z Was Unable To Find Anything That Would Fit N>a
7%
P Maximum depth of the Atlanic Ocean is the {Puerto} {Rico} {Trench}
7%
No matching quizzes found
Score Distribution
Percent of People with Each Score
Percentile by Number Answered
Your Score History
You have not taken this quiz since the last reset